000 00893nam a2200253 i 4500
001 000046464
003 DO-SdBNP
005 20240830151547.0
007 ta
008 150817s2015 dr c 000 0 spa d
040 _aDO-SdBNP
_bspa
_cBNPHU
_erda
082 4 _bP592r
_222
245 0 3 _aLa revolución constitucionalista de 1965 :
_bvista por actores y testigos /
_ccompilador, Franklin Franco Pichardo.
264 _aSanto Domingo :
_bEditora Universitaria,
_c2015.
300 _a189 páginas :
_bilustraciones, retratos ;
_c22 cm.
336 _atexto
_btxt
_2rdacontent
337 _asin mediación
_bn
_2rdamedia
338 _avolumen
_bnc
_2rdacarrier
490 _aPublicaciones de la Universidad de Santo Domingo
_v1,117
490 _aHistoria y Sociedad
_v117
590 _aInventariado, 2024/BT
700 1 _aFranco, Franklin J.,
_d1936-
_ecompilador
_934417
_4comp.
942 _2ddc
_cLBS1
999 _c45953
_d45953